00402nam a2200145Ia 4500008004100000020001500041041000800056082001600064100002600080245004900106250000600155260005200161300001400213650002900227210716s2003 xx 000 0 und d a8120316703 aeng a004.21 HAWI aHawryszkiewycz, Igor. aIntroduction to systems analysis and design. a4 aNew DelhibPrentice Hall of India PVt Ltdc2003 axviii,484 aSystem Analysis & Design